00421nam a2200181Ia 4500008004100000020001800041050001400059100002600073245001700099245002900116260001500145260001600160260000900176300001600185300002000201300001000221500000800231170918s9999 xx 000 0 und d a9780545484121 bR476 2010 aRhodes, Jewell Parker aNinth ward / cby Jewell Parker Rhodes. aNew York : bScholastic, c2010 a217 pages : billustrations ; c19cm. a470